[Event "GBR-ch U120 op 105th"]
[Site "Hull"]
[Date "2018.08.02"]
[Round "4"]
[White "Boztas, Lana"]
[Black "Bienvenu, Emma"]
[Result "0-1"]
[WhiteElo "1452"]
[BlackElo "1444"]
[PlyCount "63"]
[EventDate "2018.07.30"]
[EventType "swiss"]
[EventRounds "5"]
[EventCountry "ENG"]
[SourceTitle "EXT 2021"]
[Source "ChessBase"]
[SourceDate "2020.10.23"]
[SourceVersion "1"]
[SourceVersionDate "2020.10.23"]
[SourceQuality "1"]

1. c4 e5 2. a3 Nf6 3. d3 Be7 4. Nc3 0-0 5. Nf3 d6 6. g3 Re8 7. Bg2 c6 8. 0-0 Nbd7 9. Ng5 h6 10. Nge4 d5 11. cxd5 cxd5 12. Nxf6+ Nxf6 13. Qb3 d4 14. Nd5 Rb8 15. Nxe7+ Qxe7 16. Bd2 Be6 17. Qa4 b5 18. Qb4 Qd7 19. Rac1 Bd5 20. b3 Rec8 21. Rc5 Rxc5 22. Qxc5 Rc8 23. Qb4 Rc2 24. e3 dxe3 25. Bxe3 a6 26. d4 exd4 27. Bxd4 Bc6 28. Bxf6 gxf6 29. Re1 Rd2 30. Kh1 Rxf2 31. Kg1 Rxg2+ 32. Kf1 0-1